UBT Library

ECONOMICS PRINCIPLES AND APPLICATION (Record no. 58587)

000 -LEADER
fixed length control field 00345nam a22001457a 4500
008 - FIXED-LENGTH DATA ELEMENTS--GENERAL INFORMATION
fixed length control field 221017b ||||| |||| 00| 0 eng d
020 ## - INTERNATIONAL STANDARD BOOK NUMBER
International Standard Book Number 9780324019520
041 ## - LANGUAGE CODE
Language code of text/sound track or separate title eng
080 ## - UNIVERSAL DECIMAL CLASSIFICATION NUMBER
Edition identifier SECOND EDITION
Universal Decimal Classification number 330
082 ## - DEWEY DECIMAL CLASSIFICATION NUMBER
Classification number 330
100 ## - Rafti
Rafti 23.1
101 ## - Shkurtesa
Shkurtesa ECO
245 ## - TITLE STATEMENT
Title ECONOMICS PRINCIPLES AND APPLICATION
Statement of responsibility, etc HALL.ROBERT
942 ## - ADDED ENTRY ELEMENTS (KOHA)
Source of classification or shelving scheme
Item type Books
Holdings
Withdrawn status Lost status Source of classification or shelving scheme Damaged status Not for loan Collection code Permanent location Current location Date acquired Total Checkouts Full call number Barcode Date last seen Price effective from Koha item type
          Koleksioni i përgjithshem UBT - Lipjan UBT - Lipjan 10/17/2022   330 HAL 002-800028700260182 10/17/2022 10/17/2022 Books
          Koleksioni i përgjithshem UBT - Lipjan UBT - Lipjan 10/17/2022   330 SWA 002-800028700260183 10/17/2022 10/17/2022 Books
          Koleksioni i përgjithshem UBT - Lipjan UBT - Lipjan 10/17/2022   330 GOT 002-800028700260184 10/17/2022 10/17/2022 Books
UBT Library © 2015-2024. All rights reserved University Education for Business and Technology